Tollygunge to Tollywood: (Record no. 201595)

MARC details
000 -LEADER
fixed length control field 00660nam a22001937a 4500
005 - DATE AND TIME OF LATEST TRANSACTION
control field 20240319150724.0
010 ## - LCCN (DPL NO)
LC control number ENG-139767
020 ## - INTERNATIONAL STANDARD BOOK NUMBER
International Standard Book Number 9789354420344
Terms of availability 760.00
035 ## - SYSTEM CONTROL NUMBER
System control number EN-123299
037 ## - SOURCE OF ACQUISITION
Source of stock number/acquisition DBAD/PUB
082 ## - DEWEY DECIMAL CLASSIFICATION NUMBER
Classification number 791.43
Edition number 1
245 ## - TITLE STATEMENT
Title Tollygunge to Tollywood:
Statement of responsibility, etc By Anugyan Nag and Spandan Bhattacharya
Remainder of title The Bengali Film Industry Reimagined/
250 ## - EDITION STATEMENT
Edition statement 1
260 ## - PUBLICATION, DISTRIBUTION, ETC. (IMPRINT)
Place of publication, distribution, etc Hyderabad
Name of publisher, distributor, etc Orient Blackswan Private Ltd
Date of publication, distribution, etc 2021
270 ## - ADDRESS
Address 3-6-752, Himayatnagar
City Hyderabad
Postal code 500029
Electronic mail address info@orintblackswan.com
300 ## - PHYSICAL DESCRIPTION
Extent 214p.
Dimensions 22cm(pbk)
700 ## - ADDED ENTRY--PERSONAL NAME
Personal name Bhattacharya, Spandan
Relator term Author
9 (RLIN) 63571
942 ## - ADDED ENTRY ELEMENTS (KOHA)
Source of classification or shelving scheme Dewey Decimal Classification
Item type English Books
Classification part 791.43
Call number suffix NAG
Edition 1
Holdings
Withdrawn status Lost status Not for loan Collection code Home library Current library Date acquired Source of acquisition Cost, normal purchase price Full call number Barcode Copy number Cost, replacement price Koha item type
      Non-fiction Bawana Bawana 19/03/2024 DBAD 760.00 791.43 NAG EN-123299 1 760.00 English Books

© Delhi Public Library
Hit Counter
free hit counter